Food chemistry

-д хадгалсан:
Номзүйн дэлгэрэнгүй
Үндсэн зохиолч: Fennema, Owen R (Зохиогч)
Формат: Ном
Хэл сонгох:англи
Хэвлэсэн: Nueva York Marcel Dekker 1985
Хэвлэл:2a. ed
Цуврал:Food Science and Technology, 15
Нөхцлүүд:
Шошгууд: Шошго нэмэх
Шошго байхгүй, Энэхүү баримтыг шошголох эхний хүн болох!

MARC

LEADER 00000nam a2200000 a 4500
001 UCV6035
003 CL-VaPUC
005 20230816111611.0
008 890607e19850000US |||||||||||||||||eng|d
999 |c 212291  |d 212289 
040 |c Pontificia Universidad Católica de Valparaíso 
082 0 4 |a 664  |b FEN  |2 21 
100 |a Fennema, Owen R  |e author  |9 300263 
245 1 0 |a Food chemistry 
250 |a 2a. ed 
260 |a Nueva York  |b Marcel Dekker  |c 1985 
300 |a 991 p 
490 0 |a Food Science and Technology, 15 
583 |a last modification  |c 19890607 00:00:00  |k Rodrigo Vera 
650 0 |a Alimentos  |x Composición  |x Análisis  |9 256203 
650 0 |a Tecnología de alimentos  |9 259595 
650 0 |a Bioquímica   |9 259492  |x Alimentos 
942 |c BK  |2 ddc 
945 |d 19890607 00:00:00  |a mfernand 
952 |0 0  |1 0  |4 0  |6 664_000000000000000_FEN_1985  |7 0  |8 A  |9 192952  |a BIBING  |b BIBING  |d 2019-11-14  |i 2606127  |o 664 FEN 1985  |p 2606127  |r 2025-01-20  |w 2019-11-14  |y BK  |k EIB 
952 |0 0  |1 0  |4 0  |6 664_000000000000000_FEN_1985  |7 0  |8 A  |9 192953  |a BIBALI  |b BIBALI  |d 2019-11-14  |i 2956012  |o 664 FEN 1985  |p 2956012  |r 2025-01-20  |w 2019-11-14  |y BK  |k ALI 
952 |0 0  |1 0  |4 0  |6 664_000000000000000_FEN_1985  |7 0  |8 A  |9 192954  |a BIBING  |b BIBING  |d 2019-11-14  |i 1703358  |o 664 FEN 1985  |p 1703358  |r 2025-01-20  |w 2019-11-14  |y BK  |k EIB